Le diable et le bon Dieu ; (رقم التسجيلة. 133217)

تفاصيل مارك
000 -LEADER
fixed length control field 00862cam a22002651 4500
008 - FIXED-LENGTH DATA ELEMENTS--GENERAL INFORMATION
fixed length control field 140423s1951 fr 000 0 fre
010 ## - LIBRARY OF CONGRESS CONTROL NUMBER
LC control number 52017030
040 ## - CATALOGING SOURCE
Original cataloging agency DLC
Transcribing agency ArCCA
Modifying agency OCoLC
-- DLC
050 00 - LIBRARY OF CONGRESS CALL NUMBER
Classification number PQ2637.A82
Item number D5
092 04 - LOCALLY ASSIGNED DEWEY CALL NUMBER (OCLC)
Classification number 848.91409
Item number S2515
Edition number 21
099 ## - LOCAL FREE-TEXT CALL NUMBER (OCLC)
Classification number 04
-- 848.91409 S2515
100 1# - MAIN ENTRY--PERSONAL NAME
Personal name Sartre, Jean-Paul ,
Dates associated with a name 1905-1980
245 13 - TITLE STATEMENT
Title Le diable et le bon Dieu ;
Remainder of title trois actes et onze tableaux.
260 ## - PUBLICATION, DISTRIBUTION, ETC.
Place of publication, distribution, etc. Paris :
Name of publisher, distributor, etc. Gallimard ,
Date of publication, distribution, etc. 1951.
300 ## - PHYSICAL DESCRIPTION
Extent 282 p. ;
Dimensions 19 cm.
500 ## - GENERAL NOTE
General note Copy no. (197625) gifted by French Dept.
500 ## - GENERAL NOTE
General note Copy no. (199367) gifted by Tahani Umar
650 #0 - SUBJECT ADDED ENTRY--TOPICAL TERM
Topical term or geographic name entry element Authors, French
General subdivision History and criticism.
902 ## - LOCAL DATA ELEMENT B, LDB (RLIN)
No. of Items 2
905 ## - LOCAL DATA ELEMENT E, LDE (RLIN)
Cataloger Eman
Reviser Rev.
905 ## - LOCAL DATA ELEMENT E, LDE (RLIN)
Cataloger Radwa
Reviser Cat.
942 ## - ADDED ENTRY ELEMENTS (KOHA)
Source of classification or shelving scheme Dewey Decimal Classification
Koha item type Books
المقتنيات
Source of classification or shelving scheme Not for loan Home library Current library Date acquired Full call number Barcode Date last seen Koha item type Copy number
Dewey Decimal Classification   المكتبة المركزبة الجديدة - جامعة القاهرة قاعة الثقاقات الاجنبية - الدور الثالث 11.02.2024 848.91409 S2515 c.2 Fre. 01000110199367000 05.07.2024 Books  
Dewey Decimal Classification   المكتبة المركزبة الجديدة - جامعة القاهرة قاعة الثقاقات الاجنبية - الدور الثالث 11.02.2024 848.91409 S2515 Fre. 01000110197625000 05.07.2024 Books C.1
Cairo University Libraries Portal Implemented & Customized by: Eng. M. Mohamady Contacts: new-lib@cl.cu.edu.eg | cnul@cl.cu.edu.eg
CUCL logo CNUL logo
© All rights reserved — Cairo University Libraries
CUCL logo
Implemented & Customized by: Eng. M. Mohamady Contact: new-lib@cl.cu.edu.eg © All rights reserved — New Central Library
CNUL logo
Implemented & Customized by: Eng. M. Mohamady Contact: cnul@cl.cu.edu.eg © All rights reserved — Cairo National University Library